<?xml version="1.0" encoding="UTF-8"?>
<record
    xmlns:xsi="http://www.w3.org/2001/XMLSchema-instance"
    xsi:schemaLocation="http://www.loc.gov/MARC21/slim http://www.loc.gov/standards/marcxml/schema/MARC21slim.xsd"
    xmlns="http://www.loc.gov/MARC21/slim">

  <leader>01704nam a22002777a 4500</leader>
  <controlfield tag="001">8661</controlfield>
  <controlfield tag="003">FISKH</controlfield>
  <controlfield tag="005">20251205141557.0</controlfield>
  <controlfield tag="008">251008b        cb ||||| |||| 00| 0 eng d</controlfield>
  <datafield tag="040" ind1=" " ind2=" ">
    <subfield code="a">FISKH</subfield>
    <subfield code="b">khr</subfield>
    <subfield code="c">FISKH</subfield>
    <subfield code="d">FISKH</subfield>
  </datafield>
  <datafield tag="050" ind1=" " ind2=" ">
    <subfield code="a">PZ7</subfield>
  </datafield>
  <datafield tag="082" ind1=" " ind2=" ">
    <subfield code="a">J627</subfield>
  </datafield>
  <datafield tag="100" ind1=" " ind2=" ">
    <subfield code="a">Ministry of Education, Youth and Sports </subfield>
  </datafield>
  <datafield tag="245" ind1=" " ind2=" ">
    <subfield code="a"> &#x1795;&#x17D2;&#x1791;&#x17C7;&#x17A2;&#x178E;&#x17D2;&#x178F;&#x17C2;&#x178F;&#x1791;&#x17B9;&#x1780; /</subfield>
    <subfield code="c">&#x1780;&#x17D2;&#x179A;&#x179F;&#x17BD;&#x1784;&#x17A2;&#x1794;&#x17CB;&#x179A;&#x17C6; &#x1799;&#x17BB;&#x179C;&#x1787;&#x1793; &#x1793;&#x17B7;&#x1784;&#x1780;&#x17B8;&#x17A1;&#x17B6;</subfield>
  </datafield>
  <datafield tag="260" ind1=" " ind2=" ">
    <subfield code="a">Phnom Penh : </subfield>
    <subfield code="b">&#x1780;&#x17B7;&#x1785;&#x17D2;&#x1785;&#x179F;&#x17A0;&#x1794;&#x17D2;&#x179A;&#x178F;&#x17B7;&#x1794;&#x178F;&#x17D2;&#x178F;&#x17B7;&#x1780;&#x17B6;&#x179A;&#x17A2;&#x1797;&#x17B7;&#x179C;&#x178C;&#x17D2;&#x178D;&#x1793;&#x17CD;&#x1794;&#x17CA;&#x17C2;&#x179B;&#x17A0;&#x17D2;&#x179F;&#x17CA;&#x17B7;&#x1780; ,</subfield>
    <subfield code="c">2009. </subfield>
  </datafield>
  <datafield tag="300" ind1=" " ind2=" ">
    <subfield code="a">16 pages : </subfield>
    <subfield code="b">color illustrations ;</subfield>
    <subfield code="c">25 cm . </subfield>
  </datafield>
  <datafield tag="505" ind1=" " ind2=" ">
    <subfield code="a">M 
</subfield>
  </datafield>
  <datafield tag="520" ind1=" " ind2=" ">
    <subfield code="a">&#x17A1;&#x17BC;&#x1789;&#x1794;&#x17B6;&#x1793;&#x1791;&#x17C5;&#x1791;&#x179F;&#x17D2;&#x179F;&#x1793;&#x17B6;&#x1795;&#x17D2;&#x1791;&#x17C7;&#x179A;&#x1794;&#x179F;&#x17CB;&#x179F;&#x17BB;&#x1784;&#x1793;&#x17C5;&#x1797;&#x17BC;&#x1798;&#x17B7;&#x1791;&#x17B9;&#x1780;&#x964; &#x1796;&#x17BD;&#x1780;&#x1782;&#x17C1;&#x1798;&#x17B6;&#x1793;&#x17A2;&#x17B6;&#x179A;&#x1798;&#x17D2;&#x1798;&#x178E;&#x17CD;&#x1785;&#x17D2;&#x179A;&#x178E;&#x17C2;&#x1793;&#x1782;&#x17D2;&#x1793;&#x17B6;&#x1791;&#x17C5;&#x179C;&#x17B7;&#x1789;&#x1791;&#x17C5;&#x1798;&#x1780; &#x1796;&#x17B8;&#x1796;&#x17D2;&#x179A;&#x17C4;&#x17C7;&#x1780;&#x17B6;&#x179A;&#x179A;&#x179F;&#x17CB;&#x1793;&#x17C5;&#x179B;&#x17BE;&#x1795;&#x17D2;&#x1791;&#x17C7;&#x179B;&#x17BE;&#x1791;&#x17B9;&#x1780; &#x1794;&#x178E;&#x17D2;&#x178A;&#x17B6;&#x179B;&#x17B2;&#x17D2;&#x1799;&#x179F;&#x17BB;&#x1784;&#x1781;&#x1780;&#x1781;&#x17B6;&#x1793;&#x179F;&#x1780;&#x1798;&#x17D2;&#x1798;&#x1797;&#x17B6;&#x1796;&#x1781;&#x17D2;&#x179B;&#x17C7;&#x17D7;&#x179B;&#x17BE;&#x1782;&#x17C4;&#x1780;&#x17D4; &#x1781;&#x178E;&#x17C8;&#x178A;&#x17C2;&#x179B;&#x17A1;&#x17BC;&#x1793;&#x17CB;&#x1780;&#x17CF;&#x1781;&#x1780;&#x1781;&#x17B6;&#x1793;&#x179F;&#x1780;&#x1798;&#x17D2;&#x1798;&#x1797;&#x17B6;&#x1796;&#x1781;&#x17D2;&#x179B;&#x17C7;&#x17D7;&#x1793;&#x17C3;&#x1787;&#x17B8;&#x179C;&#x17B7;&#x178F;&#x179B;&#x17BE;&#x1795;&#x17D2;&#x1791;&#x17C7;&#x1791;&#x17B9;&#x1780;&#x178A;&#x17C2;&#x179A;&#x17D4;</subfield>
  </datafield>
  <datafield tag="520" ind1=" " ind2=" ">
    <subfield code="a">Lonh visited Song' house in the floating village; they envied of each other because living in floating house, Song missed some activities on the mainland; while Lonh also missed some activities living in the floating house.</subfield>
  </datafield>
  <datafield tag="521" ind1="8" ind2=" ">
    <subfield code="a">530 
</subfield>
    <subfield code="b">Lexile estimate 
</subfield>
  </datafield>
  <datafield tag="521" ind1="8" ind2=" ">
    <subfield code="a">M 
</subfield>
    <subfield code="b">Raz-Plus 
</subfield>
  </datafield>
  <datafield tag="650" ind1=" " ind2=" ">
    <subfield code="a">&#x1795;&#x17D2;&#x1791;&#x17C7;&#x17A2;&#x178E;&#x17D2;&#x178F;&#x17C2;&#x178F;&#x1791;&#x17B9;&#x1780;</subfield>
  </datafield>
  <datafield tag="650" ind1=" " ind2=" ">
    <subfield code="a">Floating house</subfield>
  </datafield>
  <datafield tag="942" ind1=" " ind2=" ">
    <subfield code="2">ddc</subfield>
    <subfield code="c">KHB</subfield>
    <subfield code="n">0</subfield>
  </datafield>
  <datafield tag="999" ind1=" " ind2=" ">
    <subfield code="c">8661</subfield>
    <subfield code="d">8661</subfield>
  </datafield>
  <datafield tag="952" ind1=" " ind2=" ">
    <subfield code="0">0</subfield>
    <subfield code="1">0</subfield>
    <subfield code="2">ddc</subfield>
    <subfield code="4">0</subfield>
    <subfield code="7">0</subfield>
    <subfield code="8">KH</subfield>
    <subfield code="a">002</subfield>
    <subfield code="b">002</subfield>
    <subfield code="c">TTP Khmer</subfield>
    <subfield code="d">2025-10-08</subfield>
    <subfield code="l">1</subfield>
    <subfield code="o">MIN PZ7 J627</subfield>
    <subfield code="p">FISBK03484</subfield>
    <subfield code="r">2025-10-17 08:23:00</subfield>
    <subfield code="s">2025-10-09</subfield>
    <subfield code="t">1</subfield>
    <subfield code="w">2025-10-08</subfield>
    <subfield code="y">KHB</subfield>
  </datafield>
  <datafield tag="952" ind1=" " ind2=" ">
    <subfield code="0">0</subfield>
    <subfield code="1">0</subfield>
    <subfield code="2">ddc</subfield>
    <subfield code="4">0</subfield>
    <subfield code="7">0</subfield>
    <subfield code="8">KH</subfield>
    <subfield code="a">002</subfield>
    <subfield code="b">002</subfield>
    <subfield code="c">TTP Khmer</subfield>
    <subfield code="d">2025-10-10</subfield>
    <subfield code="l">0</subfield>
    <subfield code="o">MIN PZ7 J627</subfield>
    <subfield code="p">FISBK03491</subfield>
    <subfield code="r">2025-10-10 10:22:00</subfield>
    <subfield code="t">2</subfield>
    <subfield code="w">2025-10-10</subfield>
    <subfield code="y">KHB</subfield>
  </datafield>
  <datafield tag="952" ind1=" " ind2=" ">
    <subfield code="0">0</subfield>
    <subfield code="1">0</subfield>
    <subfield code="2">ddc</subfield>
    <subfield code="4">0</subfield>
    <subfield code="7">0</subfield>
    <subfield code="8">KH</subfield>
    <subfield code="a">002</subfield>
    <subfield code="b">002</subfield>
    <subfield code="c">TTP Khmer</subfield>
    <subfield code="d">2025-10-10</subfield>
    <subfield code="l">0</subfield>
    <subfield code="o">MIN PZ7 J627</subfield>
    <subfield code="p">FISBK03474</subfield>
    <subfield code="r">2025-10-10 10:23:00</subfield>
    <subfield code="t">3</subfield>
    <subfield code="w">2025-10-10</subfield>
    <subfield code="y">KHB</subfield>
  </datafield>
  <datafield tag="952" ind1=" " ind2=" ">
    <subfield code="0">0</subfield>
    <subfield code="1">0</subfield>
    <subfield code="2">ddc</subfield>
    <subfield code="4">0</subfield>
    <subfield code="7">0</subfield>
    <subfield code="8">KH</subfield>
    <subfield code="a">002</subfield>
    <subfield code="b">002</subfield>
    <subfield code="c">TTP Khmer</subfield>
    <subfield code="d">2025-12-05</subfield>
    <subfield code="l">0</subfield>
    <subfield code="o">MIN PZ7 J627</subfield>
    <subfield code="p">2025-5043</subfield>
    <subfield code="r">2025-12-05 14:16:30</subfield>
    <subfield code="t">4</subfield>
    <subfield code="w">2025-12-05</subfield>
    <subfield code="y">KHB</subfield>
  </datafield>
  <datafield tag="952" ind1=" " ind2=" ">
    <subfield code="0">0</subfield>
    <subfield code="1">0</subfield>
    <subfield code="2">ddc</subfield>
    <subfield code="4">0</subfield>
    <subfield code="7">0</subfield>
    <subfield code="8">KH</subfield>
    <subfield code="a">002</subfield>
    <subfield code="b">002</subfield>
    <subfield code="c">TTP Khmer</subfield>
    <subfield code="d">2025-12-05</subfield>
    <subfield code="l">0</subfield>
    <subfield code="o">MIN PZ7 J627</subfield>
    <subfield code="p">2025-5054</subfield>
    <subfield code="r">2025-12-05 15:21:22</subfield>
    <subfield code="t">5</subfield>
    <subfield code="w">2025-12-05</subfield>
    <subfield code="y">KHB</subfield>
  </datafield>
  <datafield tag="952" ind1=" " ind2=" ">
    <subfield code="0">0</subfield>
    <subfield code="1">0</subfield>
    <subfield code="2">ddc</subfield>
    <subfield code="4">0</subfield>
    <subfield code="7">0</subfield>
    <subfield code="8">KH</subfield>
    <subfield code="a">002</subfield>
    <subfield code="b">002</subfield>
    <subfield code="c">TTP Khmer</subfield>
    <subfield code="d">2025-12-12</subfield>
    <subfield code="l">0</subfield>
    <subfield code="o">MIN PZ7 J627</subfield>
    <subfield code="p">FISBK03493</subfield>
    <subfield code="r">2025-12-12 08:48:11</subfield>
    <subfield code="t">6</subfield>
    <subfield code="w">2025-12-12</subfield>
    <subfield code="y">KHB</subfield>
  </datafield>
</record>
